Taller teórico práctico para el sector salud y alimentos - Detección de genes en plantas transgénicas : (Registro nro. 19321)
[ vista simple ]
| 000 -CABECERA | |
|---|---|
| Campo de control | 00837nmm a22002057a 4500 |
| 005 - FECHA Y HORA DE LA ULTIMA TRANSACCION | |
| Campo de control | 20170213160839.0 |
| 008 - ELEMENTOS DE LONGITUD FIJA—INFORMACION GENERAL | |
| Campo de control | 170213b ck ||||| |||| 00| 0 spa d |
| 040 ## - FUENTE DE CATALOGACIÓN | |
| Agencia catalogadora original | CoBoIAvH |
| Agencia transcriptora | CoBoIAvH |
| 041 ## - IDIOMA | |
| Código de idioma para texto/pista de sonido o título separado | Español |
| 044 ## - PAÍS DE PUBLICACIÓN | |
| País de publicación | Colombia |
| 090 ## - CLASIFICACIÓN LOCAL | |
| Colección | MM- |
| Consecutivo | 00388 |
| 111 1# - ASIENTO PRINCIPAL--NOMBRE DE REUNION | |
| Nombre de reunión o de jurisdicción como elemento de entrada | Taller teórico práctico para el sector salud y alimentos ( |
| Lugar de la reunión | Palmira, |
| Fecha de la reunión | 6 y 7 de marzo de 2006) |
| 9 (RLIN) | 79411 |
| 245 10 - MENCION DE TITULO | |
| Título | Taller teórico práctico para el sector salud y alimentos - Detección de genes en plantas transgénicas : |
| Parte restante del título | memorias de taller. |
| 260 ## - PUBLICACION, DISTRIBUCION, ETC. (PIE DE IMPRENTA) | |
| Lugar de publicación, distribución, etc. | Palmira, Valle, |
| Nombre del editor, distribuidor, etc. | Ciat, |
| Fecha de publicación, distribución, etc. | 2006. |
| 300 ## - DESCRIPCION FISICA | |
| Extensión | 1 CD-Rom |
| 650 #0 - ASIENTO SECUNDARIO DE MATERIA - TERMINO TEMATICO | |
| Término temático o nombre geográfico como elemento de entrada | Cultivos transgénicos |
| Subdivisión de forma | congresos, conferencias, etc. |
| 9 (RLIN) | 79412 |
| 650 #0 - ASIENTO SECUNDARIO DE MATERIA - TERMINO TEMATICO | |
| Término temático o nombre geográfico como elemento de entrada | Organismos transgénicos |
| Subdivisión de forma | congresos, conferencias, etc. |
| 9 (RLIN) | 79413 |
| 650 #0 - ASIENTO SECUNDARIO DE MATERIA - TERMINO TEMATICO | |
| Término temático o nombre geográfico como elemento de entrada | Alimentos transgénicos |
| Subdivisión geográfica | congresos, conferencias, etc. |
| 9 (RLIN) | 79414 |
| 942 ## - ELEMENTOS ADICIONALES (KOHA) | |
| Sistema de clasificación | Local |
| Tipo de ítem | CD-ROM |
| Withdrawn status | Lost status | Sistema de Clasificación | Damaged status | No para préstamo | Colección | Ubicación Permanente | Ubicación actual | Fecha de adquisición | Total Checkouts | Número topográfico | Inventario / Código de Barras | Date last seen | Ejemplar | Price effective from | Forma de adquisición | Tipo de material |
|---|---|---|---|---|---|---|---|---|---|---|---|---|---|---|---|---|
| Local | Recursos electrónicos | Bogotá | Bogotá | 13/02/2017 | MM-00388 | 059430 | 13/02/2017 | Ej. 1 | 13/02/2017 | Donación | CD-ROM |